| 000 | 00457nam a22001457a 4500 | ||
|---|---|---|---|
| 003 | OSt | ||
| 005 | 20250904151804.0 | ||
| 008 | 250128b |||||||| |||| 00| 0 eng d | ||
| 040 | _c | ||
| 082 | _aDPer 371.206005 J82 Summer-Fall 2022 v. 48 n. 1-2 | ||
| 245 | _aJournal education of finance / | ||
| 260 |
_aIllinois ; _bUniversity of Illinois Press, _cSummer-Fall 2022. |
||
| 300 |
_aVolume 48, various paging : _billustrations ; _c26 cm. |
||
| 942 |
_2ddc _cPER |
||
| 999 |
_c23362 _d23362 |
||